000 005550000a22001810004500
003 MACL
005 20160602160720.0
008 160602b xxu||||| |||| 00| 0 eng d
040 _aMACL
_cMACL
041 _aHindi
082 _a920 KUM
100 _aकुमार, संजीव
_954173
245 _aमहान महिलायें
_cसंजीव कुमार
260 _bअरविन्‍द कुमार
_c2003
_aनई दिल्‍ली
350 _a45
650 _aBiography
_961795
942 _cHIN
_k920/KUM
_2ddc
999 _c12496
_d12496